000 00600nam a22001337a 4500
040 _cRUA
082 _aAGR RAT 2013 B054 Or.1
100 _aRATH, CHANTARA.
245 _aEffect of host plants on development and yield cocoon of eri silkworm ឥទ្ធិពលចំណីលើការវិវត្តន៍ និងទិន្នផលសំបុកសូត្រដង្កូវនាងអេរ៉ី
260 _aPhnom penh
_bRUA
_c2013
300 _ax; 40p.
_bill.
_c29cm.
856 _uhttps://drive.google.com/file/d/1x-w1mTMRXTS-6Go1S5Bd63kwFlrqK-Vt/view?usp=sharing
942 _cAGR
999 _c1265
_d1265